University Home | Library Home | Institutional Repository

Medieval canon law and the crusader, (Record no. 157705)

MARC details
000 -LEADER
fixed length control field 00813cam2a220025300 4500
001 - CONTROL NUMBER
control field lce00993512
008 - FIXED-LENGTH DATA ELEMENTS--GENERAL INFORMATION
fixed length control field 700108s1969 wiu b 000 0 eng
010 ## - LIBRARY OF CONGRESS CONTROL NUMBER
LC control number 78-84952
020 ## - INTERNATIONAL STANDARD BOOK NUMBER
International Standard Book Number 299-05480-2
035 ## - SYSTEM CONTROL NUMBER
System control number (Sirsi) r101920
035 ## - SYSTEM CONTROL NUMBER
System control number (DLC) 74084952
035 ## - SYSTEM CONTROL NUMBER
System control number (UPRA)lce00993512
050 0# - LIBRARY OF CONGRESS CALL NUMBER
Classification number D 160 Bru
082 ## - DEWEY DECIMAL CLASSIFICATION NUMBER
Classification number 940.1/8
100 1# - MAIN ENTRY--PERSONAL NAME
Personal name Brundage, James A.
Linkage A59845.1
245 10 - TITLE STATEMENT
Title Medieval canon law and the crusader,
Statement of responsibility, etc. by James A. Brundage.
260 ## - PUBLICATION, DISTRIBUTION, ETC.
Place of publication, distribution, etc. Madison,
Name of publisher, distributor, etc. University of Wisconsin Press,
Date of publication, distribution, etc. 1969.
504 ## - BIBLIOGRAPHY, ETC. NOTE
Bibliography, etc. note Bibliography: p. 199-227.
650 #0 - SUBJECT ADDED ENTRY--TOPICAL TERM
Topical term or geographic name entry element Crusades.
Linkage S28720.1
650 #0 - SUBJECT ADDED ENTRY--TOPICAL TERM
Topical term or geographic name entry element Vows (Canon law)
Linkage S46130.1
650 #0 - SUBJECT ADDED ENTRY--TOPICAL TERM
Topical term or geographic name entry element Privileges and immunities, Ecclesiastical.
Linkage S46131.1
949 ## - LOCAL PROCESSING INFORMATION (OCLC)
a D 160 Bru
w lcc
c 1
i 33729000057898
m MAIN
p 2500
t BOOK
l ON-SHELF

No items available.

© 2026 - The University of Zambia Library - Koha v25.11